• 首页
  • 本馆介绍
  • 公告通知
  • 最新文献
  • 馆藏检索
  • 电子资源
  • 读者导购
  • 参考咨询
  • 我的图书馆
  • 登录
  • 详细信息显示
  • 放入我的书架
  • 预约/预借图书
  • 作者相关作品
  • 分类相关作品
  • 丛书相关作品
  • 出版社相关作品

书目信息

  • 表格格式
  • 工作单格式
  • 卡片格式
题名:
蒋家王朝
    
 
作者: 荣孟源 著
分册:  
出版信息: 北京   中国青年出版社  1980
页数: 336页
开本: 19cm
丛书名:
单 册:
中图分类: K262.9 , K26
科图分类:
主题词: 四大家族 , 中国--历史
电子资源:
ISBN:
000 00608nam0 2200241 450
001 1533383012
005 20150123091904.21
010    @dCNY0.80
091    @a11009.93
100    @a19950603d1980 em y0chiy0110 ea
101 0  @achi
102    @aCN@b110000
105    @ay z 000yy
200 1  @a蒋家王朝@9jiang jia wang chao@f荣孟源著
210    @a北京@c中国青年出版社@d1980
215    @a336页@d19cm
606 0  @a四大家族
606 0  @a中国@x历史
690    @aK262.9@v5
690    @aK26@v4
701  0 @a荣孟源@9rong meng yuan@f(1913~1985)@4著
801  0 @aCN@bTSSF@c20150123
905    @aZUCC@dK26@eJY8
    
    蒋家王朝/荣孟源著.-北京:中国青年出版社,1980
    336页;19cm
    
    
    ISBN :CNY0.80
    
●
相关链接 在E读中查询图书 在五车中查询图书 在当当中查询图书 在豆瓣中查询图书


正题名:蒋家王朝     索取号:K26/JY8         预约/预借

序号 登录号 条形码 馆藏地/架位号 状态 备注
1 7840752   278407528   学院路分馆/ [索取号:K26/JY8] 在馆    
唐山师范学院图书馆 欢迎您!
大连网信软件有限公司© 版权所有